| Tag |
First Indicator |
Second Indicator |
Subfields |
| LEADER |
00000cam a2200000 a 4500 |
| 001 |
in00000084672 |
| 005 |
20151008053205.0 |
| 008 |
811002s1981 ne a b 00110 eng |
| 010 |
|
|
|a 81159218
|
| 015 |
|
|
|a Ne***
|
| 020 |
|
|
|a 9028626212
|
| 035 |
|
|
|a (OCoLC)07925812
|
| 035 |
|
|
|9 AAH6592AM
|
| 039 |
0 |
|
|a 2
|b 3
|c 3
|d 3
|e 3
|
| 040 |
|
|
|a DLC
|c DLC
|d TXA
|d UtOrBLW
|
| 043 |
|
|
|a e-ur---
|a a-ir---
|
| 049 |
|
|
|a TXAM
|c [952150]
|
| 050 |
0 |
0 |
|a DK67.7 I55
|b R49
|
| 082 |
0 |
|
|a 327.47055
|2 19
|
| 100 |
1 |
|
|a Rezun, Miron.
|
| 245 |
1 |
4 |
|a The Soviet Union and Iran :
|b Soviet policy in Iran from the beginnings of the Pahlavi Dynasty until the Soviet invasion in 1941 /
|c Miron Rezun.
|
| 264 |
|
1 |
|a Alphen aan den Rijn :
|b Sijthoff & Noordhoff International ;
|a Geneve :
|b Institut Universitaire de Hautes Etudes Internationales,
|c 1981.
|
| 300 |
|
|
|a xi, 425 pages :
|b illustrations ;
|c 24 cm.
|
| 336 |
|
|
|a text
|b txt
|2 rdacontent
|
| 337 |
|
|
|a unmediated
|b n
|2 rdamedia
|
| 338 |
|
|
|a volume
|b nc
|2 rdacarrier
|
| 490 |
1 |
|
|a Collection de relations internationales ;
|v 8
|
| 500 |
|
|
|a Includes index.
|
| 504 |
|
|
|a Bibliography: pages 397-419.
|
| 651 |
|
0 |
|a Soviet Union
|x Foreign relations
|z Iran.
|
| 651 |
|
0 |
|a Iran
|x Foreign relations
|z Soviet Union.
|
| 830 |
|
0 |
|a Collection de relations internationales ;
|v 8.
|
| 999 |
|
|
|a MARS
|
| 999 |
f |
f |
|s 93264faa-da45-3b89-b49c-19926c4bf25e
|i 4329b1e1-2d92-3630-86a2-99f82e2e3434
|t 0
|
| 952 |
f |
f |
|p ric
|a Texas A&M University
|b Rellis Campus
|c Joint Library Facility
|d Remote Storage
|t 0
|e DK67.7 I55 R49
|h Library of Congress classification
|i unmediated -- volume
|m A14805955045
|
| 998 |
f |
f |
|a DK67.7 I55 R49
|t 0
|l Remote Storage
|